书目信息 |
| 题名: |
李白诗歌赏析
|
|
| 作者: | 马玮 主编 | |
| 分册: | ||
| 出版信息: | 北京 商务印书馆国际有限公司 2017 |
|
| 页数: | 14, 279页 | |
| 开本: | 24cm | |
| 丛书名: | 中国古典诗词名家菁华赏析丛书 | |
| 单 册: | ||
| 中图分类: | I207.227.422 | |
| 科图分类: | ||
| 主题词: | ||
| 电子资源: | ||
| ISBN: | 978-7-5176-0410-5 | |
| 000 | 01055nam 2200265 45 | |
| 001 | 012001006306 | |
| 005 | 20131016114048.0 | |
| 010 | @a978-7-5176-0410-5@dCNY35.00 | |
| 099 | @aCAL 012017140931 | |
| 100 | @a20171008d2017 em y0chiy50 ea | |
| 101 | 0 | @achi |
| 102 | @aCN@b110000 | |
| 105 | @aa z 000yy | |
| 106 | @ar | |
| 200 | 1 | @a李白诗歌赏析@ALi Bai Shi Ge Shang Xi@f马玮主编 |
| 210 | @a北京@c商务印书馆国际有限公司@d2017@h2019重印 | |
| 215 | @a14, 279页@c图@d24cm | |
| 225 | 2 | @a中国古典诗词名家菁华赏析丛书@AZhong Guo Gu Dian Shi Ci Ming Jia Jing Hua Shang Xi Cong Shu |
| 330 | @a本书选收名诗八十首。注释、题解、赏析等全方位的解读内容,深入浅出的赏析文字,活泼疏朗的内文版面,精美典雅的装帧设计,足以让读者在轻松愉悦的阅读中尽情品味诗仙李白经典诗歌的飘逸奔放之美,享受诗歌艺术的无穷魅力。 | |
| 410 | 0 | @12001 @a中国古典诗词名家菁华赏析丛书 |
| 600 | 0 | @a李白,@ALi Bai@f701-762@x唐诗@x鉴赏 |
| 690 | @aI207.227.422@v5 | |
| 701 | 0 | @a马玮@Ama wei@4主编 |
| 801 | 2 | @aCN@b上海新华@c20191020 |
| 905 | @b1099320-3@dI207.227.422@e1164@f4 | |
| 李白诗歌赏析/马玮主编.-北京:商务印书馆国际有限公司,2017(2019重印) |
| 14, 279页:图;24cm.-(中国古典诗词名家菁华赏析丛书) |
| ISBN 978-7-5176-0410-5:CNY35.00 |
| 本书选收名诗八十首。注释、题解、赏析等全方位的解读内容,深入浅出的赏析文字,活泼疏朗的内文版面,精美典雅的装帧设计,足以让读者在轻松愉悦的阅读中尽情品味诗仙李白经典诗歌的飘逸奔放之美,享受诗歌艺术的无穷魅力。 |
| ● |
| 相关链接 |
|
|
|
|
正题名:李白诗歌赏析
索取号:I207.227.422/1164
 
预约/预借
| 序号 | 登录号 | 条形码 | 馆藏地/架位号 | 状态 | 备注 |
| 1 | 1099320 | 210993200 | 第一样本阅览室/ [索取号:I207.227.422/1164] | 在馆 | |
| 2 | 1099321 | 210993219 | 第二借阅区/ [索取号:I207.227.422/1164] | 在馆 | |
| 3 | 1099322 | 210993228 | 第二借阅区/ [索取号:I207.227.422/1164] | 在馆 | |
| 4 | 1099323 | 210993237 | 第二借阅区/ [索取号:I207.227.422/1164] | 在馆 |